| 000 | 00763nam a2200205Ia 4500 | ||
|---|---|---|---|
| 003 | Ost | ||
| 005 | 20260507075741.0 | ||
| 008 | 260507s9999||||xx |||||||||||||| ||und|| | ||
| 040 | _cfsecg | ||
| 041 | _aara | ||
| 082 | _a303.484 | ||
| 100 |
_aمحفوظ، محمد _eمؤلف |
||
| 245 | 0 |
_aالعولمة وتحولات العالم : _bاشكالية التنمية في زمن العولمة وصراع الثقافات / _c محمد محفوظ |
|
| 260 |
_aبيروت: _bالمركز الثقافي العربي, _c2003 |
||
| 300 |
_a144 صفحة؛ _bإيضاحات ؛ _c24 سم |
||
| 520 | _aفي التعامل مع العولمة؛الهويات وصدمة العولمة | ||
| 653 | _aالتنمية | ||
| 653 | _aالعولمة | ||
| 942 | _cكتاب | ||
| 999 |
_c46143 _d46143 |
||